000 00644cam a2200229 4500
001 11366
003 BD-RjUL
005 20211208235119.0
008 140126s1946 enka b 000 0 eng d
035 _a(BD-RjUL)11415
040 _aMUB
_cMUB
_dBD-RjUL
_beng
041 _aeng
082 _223
_a562
_bWOP 1967
100 1 _aWoods, Henry,
_d1868-
_935134
245 1 0 _aPaleontology, invertebrate /
_cHenry Woods.
250 _a8th ed.
260 _aCambridge :
_bThe University press,
_c1946 [Reprinted 1967].
300 _a 477 p. :
_bill. ;
_c19 cm.
500 _aIncludes Index
650 0 _aInvertebrates, Fossil.
_934494
942 _2ddc
_cBK
999 _c11366
_d11366